| 000 | 00714nam a2200181Ia 4500 | ||
|---|---|---|---|
| 008 | 090124s9999 xx 000 0 und d | ||
| 082 |
_b19132 _a363 |
||
| 100 | _aज्ञानतीर्थ | ||
| 245 | _a गीतामृत वृक्षाचे बीज साधन चतुष्टय कसे | ||
| 250 | _a1 | ||
| 260 | _c1930 | ||
| 300 | _a52 | ||
| 600 | _aज्ञानतीर्थ | ||
| 630 | _a गीतामृत वृक्षाचे बीज साधन चतुष्टय कसे | ||
| 700 | _aज्ञानतीर्थ | ||
| 730 | _a गीतामृत वृक्षाचे बीज साधन चतुष्टय कसे | ||
| 942 | _cBOOK | ||
| 999 |
_c133073 _d133073 |
||